Loading...

Grid computing security /

Bibliographic Details
Other Authors: Anirban Chakrabarti
Format: Printed Book
Published: New Delhi: Springer, 2010.
Subjects:
LEADER 00527cam a2200169ua 4500
008 101021t2010||||||||||| 00 ||||| c
082 |a 005.8  |b CHA/G 
245 0 0 |a Grid computing security /  
260 |a New Delhi:  |b Springer,  |c 2010. 
300 |a 331p.. 
362 1 |a 2010. 
650 |a Computing security 
650 0 |a Computer science 
700 0 2 |a Anirban Chakrabarti,  
942 |c BK 
999 |c 23626  |d 23626 
952 |0 0  |1 0  |4 0  |6 005_800000000000000_CHA  |7 0  |9 25114  |a KUCL  |b KUCL  |d 2014-05-23  |l 0  |o 005.8 CHA/  |p 24218  |r 2014-05-23  |w 2014-05-23  |y BK